| 000 | 00496nam a22001577a 4500 | ||
|---|---|---|---|
| 005 | 20231031065542.0 | ||
| 008 | 231031b |||||||| |||| 00| 0 eng d | ||
| 041 | _aEnglish | ||
| 082 | _a347.1 VAN | ||
| 100 |
_aVan Blommestein, F _lEnglish |
||
| 245 |
_aProfessional Practice for Attorneys / _cF Van Blommestein |
||
| 260 |
_aCape Town : _bJuta and Company Ltd, _c1965 |
||
| 300 |
_bxii, 153 pages ; _c26 cm. |
||
| 650 |
_alegal practice _bLaw |
||
| 942 |
_cBK _6ALISON_BN_VRIES |
||
| 999 |
_c159 _d159 |
||